000
00335nam a22001457a 4500
008
230517b ||||| |||| 00| 0 eng d
020
_a
9780072951707
041
_a
eng
080
_2
FIFTH EDITION
_a
579
082
_a
579TAL
100
_a
17
101
_a
MB
245
_a
FOUNDTATIONS IN MICROBIOLOGY
_c
TALARO.P.K
942
_2
udc
_c
BK
999
_c
59761
_d
59761